000 00554nam a22001817a 4500
005 20140508111151.0
010 _aENG-109702
020 _a9789325969032
_c299.00
035 _aEN-93235
037 _bDBAD/PUB
082 _a621.3
100 _aBandyopadhyay, Jyoti Prasad
245 0 0 _aBasic electrical and electronics engineering- i /
_cby Jyoti Prasad Bandyopadhyay
260 _aNoida
_bVikas Publising House
_c2014
270 _aE-28, Sector-8
_bNoida
_e201301
300 _axii,402p.
_c24cm(pbk)
942 _2ddc
_cEN
_mBAN
_h621.3
999 _c83471
_d83471